Countries with Austrian embassies - Statistics

General Stats
  • This quiz has been taken 86 times
  • The average score is 73 of 84
Answer Stats
Continent Country % Correct
Europe Albania
96%
Oceania Australia
96%
Europe Belgium
96%
Europe France
96%
Europe Germany
96%
Europe United Kingdom
96%
South America Argentina
95%
Europe Bulgaria
95%
Europe Slovakia
95%
Europe Slovenia
95%
Europe Sweden
95%
North America United States of America
95%
Europe Bosnia and Herzegovina
93%
South America Brazil
93%
North America Canada
93%
Asia China
93%
Europe Estonia
93%
Europe Finland
93%
Europe Hungary
93%
North America Mexico
93%
Europe the Netherlands
93%
Europe Belarus
91%
South America Chile
91%
Europe Croatia
91%
Africa Egypt
91%
Europe Greece
91%
Asia India
91%
Asia Japan
91%
Europe Norway
91%
Europe Portugal
91%
Africa South Africa
91%
Europe Ukraine
91%
Asia Vietnam
91%
Europe Czech Republic
89%
Europe Denmark
89%
Asia Indonesia
89%
Asia Iran
89%
Europe Lithuania
89%
Europe Poland
89%
Europe Romania
89%
Asia/ Europe Russia
89%
Europe Switzerland
89%
Asia/ Europe Turkey
89%
Africa Algeria
88%
South America Colombia
88%
Asia Israel
88%
Europe Kosovo
88%
Europe Latvia
88%
Europe Montenegro
88%
Europe Serbia
88%
Asia South Korea
88%
Asia United Arab Emirates
88%
Europe Ireland
86%
Europe Italy
86%
Europe Malta
86%
South America Peru
86%
Asia Saudi Arabia
86%
Europe Spain
86%
Asia Thailand
86%
Africa Kenya
84%
Asia Pakistan
84%
Europe Vatican City
84%
Asia Malaysia
82%
Africa Nigeria
82%
Europe Cyprus
81%
Africa Libya
81%
Europe Luxembourg
81%
Europe Macedonia
81%
Asia Azerbaijan
79%
Africa Ethiopia
79%
Asia Georgia
79%
Europe Moldova
79%
North America Cuba
77%
Asia Singapore
77%
Africa Tunisia
77%
Asia Kuwait
75%
Asia Qatar
75%
Asia the Philippines
75%
Africa Morocco
74%
Asia Jordan
72%
Asia Kazakhstan
70%
Asia Lebanon
70%
Africa Senegal
67%
Asia Palestine
44%
No matching quizzes found
Score Distribution
Percent of People with Each Score
Percentile by Number Answered
Your Score History
You have not taken this quiz